000 00219nam a22000977a 4500
003 SGT
245 _aPHARMA BIO WORLD
260 _aMUMBAI
_bJASUBHAI GROUP & CHEMTECH FOUNDATION
_c2015-16
310 _a10-9
942 _2ddc
_cBV
999 _c24193
_d24193